000 00865nam a2200253 u 4500
005 20240228063933.0
008 080602s2004 r 000 0 eng d
020 _a8484701557 (10 dígitos)
020 _a9788484701552 (13 dígitos)
035 _aUPN01000156576
049 _aI
050 4 _aPZ21
_bN6.5
100 1 _aNorac, Carl,
_d1960-
_929718
245 1 1 _a¿Me quieres o no me quieres? /
_cCarl Norac ; il. de Claude K. Dubois ; tr. Anna Coll-Vinent.
260 _aBarcelona, Esp. :
_bCorimbo,
_c2004.
300 _a[24] p. :
_bprincipalmente il. col.
534 _pTraducción de:
_tTu m´aimes ou tu m´aimes pas?
650 0 _aCuentos infantiles franceses
_98588
650 4 _aLiteratura infantil francesa
_913687
650 4 _aLibros y lectura para niños
_92290
700 1 _aDubois, Claude K.,
_eil.
905 _aInfantil
999 _c128690
_d128690